000
00345 a2200169 4500
001
187412
020
_a
978-85-262-6518-9
040
_c
Magnum
100
_a
Williams, Sam
240
1
0
_a
Isso é amor
_l
por
245
1
0
_a
Isso é amor
300
_a
29
362
0
_a
2008
440
1
_a
Scipione
697
_a
LITERATURA INFANTO
942
_c
BK
999
_c
187412
_d
187412